<?xml version="1.0" encoding="UTF-8"?><?xml-stylesheet type="text/xsl" href="static/style.xsl"?><OAI-PMH xmlns="http://www.openarchives.org/OAI/2.0/" xmlns:xsi="http://www.w3.org/2001/XMLSchema-instance" xsi:schemaLocation="http://www.openarchives.org/OAI/2.0/ http://www.openarchives.org/OAI/2.0/OAI-PMH.xsd"><responseDate>2026-04-13T02:07:00Z</responseDate><request verb="GetRecord" identifier="oai:www.recercat.cat:11351/12521" metadataPrefix="marc">https://recercat.cat/oai/request</request><GetRecord><record><header><identifier>oai:recercat.cat:11351/12521</identifier><datestamp>2025-10-24T10:36:23Z</datestamp><setSpec>com_2072_378070</setSpec><setSpec>com_2072_378040</setSpec><setSpec>col_2072_378092</setSpec></header><metadata><record xmlns="http://www.loc.gov/MARC21/slim" xmlns:dcterms="http://purl.org/dc/terms/" xmlns:xsi="http://www.w3.org/2001/XMLSchema-instance" xmlns:doc="http://www.lyncode.com/xoai" xsi:schemaLocation="http://www.loc.gov/MARC21/slim http://www.loc.gov/standards/marcxml/schema/MARC21slim.xsd">
   <leader>00925njm 22002777a 4500</leader>
   <datafield ind2=" " ind1=" " tag="042">
      <subfield code="a">dc</subfield>
   </datafield>
   <datafield ind2=" " ind1=" " tag="720">
      <subfield code="a">Mena-Marcos, Raquel</subfield>
      <subfield code="e">author</subfield>
   </datafield>
   <datafield ind2=" " ind1=" " tag="720">
      <subfield code="a">Sánchez Romero, Eleuterio A</subfield>
      <subfield code="e">author</subfield>
   </datafield>
   <datafield ind2=" " ind1=" " tag="720">
      <subfield code="a">Navarro-Main, Blanca</subfield>
      <subfield code="e">author</subfield>
   </datafield>
   <datafield ind2=" " ind1=" " tag="720">
      <subfield code="a">Jimenez-Ortega, Laura</subfield>
      <subfield code="e">author</subfield>
   </datafield>
   <datafield ind2=" " ind1=" " tag="720">
      <subfield code="a">Cuenca Zaldívar, Juan Nicolás</subfield>
      <subfield code="e">author</subfield>
   </datafield>
   <datafield ind2=" " ind1=" " tag="720">
      <subfield code="a">Lagares, Alfonso</subfield>
      <subfield code="e">author</subfield>
   </datafield>
   <datafield ind2=" " ind1=" " tag="260">
      <subfield code="c">2025-02-03T12:15:35Z</subfield>
   </datafield>
   <datafield ind2=" " ind1=" " tag="260">
      <subfield code="c">2025-02-03T12:15:35Z</subfield>
   </datafield>
   <datafield ind2=" " ind1=" " tag="260">
      <subfield code="c">2024-11-15</subfield>
   </datafield>
   <datafield ind2=" " ind1=" " tag="520">
      <subfield code="a">Multidisciplinary management; Sentiments; Traumatic brain injury</subfield>
   </datafield>
   <datafield ind2=" " ind1=" " tag="520">
      <subfield code="a">Gestió multidisciplinària; Sentiments; Lesió cerebral traumàtica</subfield>
   </datafield>
   <datafield ind2=" " ind1=" " tag="520">
      <subfield code="a">Gestión multidisciplinario; Sentimientos; Lesión cerebral traumática</subfield>
   </datafield>
   <datafield ind2=" " ind1=" " tag="520">
      <subfield code="a">Introduction: Traumatic Brain Injury (TBI) is a significant public health concern that causes death, disability, and economic burden. Its repercussions affect physical, cognitive, emotional, and behavioral aspects of long-term care needs. Despite improvements in communication among multidisciplinary teams, the management of TBI remains fragmented.&#xd;
Objective: This study aimed to assess patients and caregivers' experiences through sentiment analysis.&#xd;
Materials and methods: A qualitative cross-sectional study utilized structured topic modeling (STM) to analyze in-depth interview data. The study involved 29 patients with TBI and 27 caregivers in Madrid (Spain), using a survey design. The interviews were conducted, transcribed, and coded independently over 5 months. Sentiments such as anticipation, fear, and emotional concerns were analyzed using three dictionaries. The STM analysis identified four key concepts: desire for independence, potential improvement, need for injury information, and psychological consequences. STM diagnostic graphs were used to determine the number of topics relevant to the evaluation of patient and caregiver concerns. Furthermore, an analysis was conducted across four topics.&#xd;
Results: The average age of the patients was 44.2 ± 14.9 years (69 % males). Regarding TBI severity, 59 % of patients had severe TBI, whereas the remaining 41 % had experienced moderate TBI. Among the caregivers, the majority were parents (30 %), partners (24 %), or siblings (24 % each). Among the 51 participants, sentiments were analyzed using three dictionaries. While there were no significant age differences (Z = 0.24, p = 0.815), the STM model was adjusted for significant sex differences (p = 0.017) between patients and relatives. Anticipation and fear prevailed in both groups, highlighting the shared emotional patterns.&#xd;
Discussion: The analysis of diagnostic graphs indicated the optimal number of topics for evaluation, emphasizing key concerns across different phases of TBI. Patients' main worries shifted from physical symptoms to limitations in daily life and independence. Caregivers highlighted the importance of staff interactions, misinformation challenges, and the need for psychological care.&#xd;
Conclusion: Key patient concerns, including dependency on daily activities, limitations in autonomy, and caregiver burden, emphasize crucial areas for enhancement in multidisciplinary treatment. Moreover, the lack of long-term psychological support is a significant barrier to optimal patient and caregiver well-being.</subfield>
   </datafield>
   <datafield ind1="8" ind2=" " tag="024">
      <subfield code="a">http://hdl.handle.net/11351/12521</subfield>
   </datafield>
   <datafield tag="653" ind2=" " ind1=" ">
      <subfield code="a">Enquestes</subfield>
   </datafield>
   <datafield tag="653" ind2=" " ind1=" ">
      <subfield code="a">Emocions</subfield>
   </datafield>
   <datafield tag="653" ind2=" " ind1=" ">
      <subfield code="a">Cuidadors - Aspectes psicològics</subfield>
   </datafield>
   <datafield tag="653" ind2=" " ind1=" ">
      <subfield code="a">Pacients - Aspectes psicològics</subfield>
   </datafield>
   <datafield tag="653" ind2=" " ind1=" ">
      <subfield code="a">DISEASES::Nervous System Diseases::Central Nervous System Diseases::Brain Diseases::Brain Injuries::Brain Injuries, Traumatic</subfield>
   </datafield>
   <datafield tag="653" ind2=" " ind1=" ">
      <subfield code="a">NAMED GROUPS::Persons::Caregivers</subfield>
   </datafield>
   <datafield tag="653" ind2=" " ind1=" ">
      <subfield code="a">PSYCHIATRY AND PSYCHOLOGY::Behavior and Behavior Mechanisms::Emotions</subfield>
   </datafield>
   <datafield tag="653" ind2=" " ind1=" ">
      <subfield code="a">ANALYTICAL, DIAGNOSTIC AND THERAPEUTIC TECHNIQUES, AND EQUIPMENT::Investigative Techniques::Epidemiologic Methods::Data Collection::Surveys and Questionnaires</subfield>
   </datafield>
   <datafield tag="653" ind2=" " ind1=" ">
      <subfield code="a">ENFERMEDADES::enfermedades del sistema nervioso::enfermedades del sistema nervioso central::enfermedades cerebrales::lesiones encefálicas::lesiones encefálicas traumáticas</subfield>
   </datafield>
   <datafield tag="653" ind2=" " ind1=" ">
      <subfield code="a">DENOMINACIONES DE GRUPOS::personas::cuidadores de pacientes</subfield>
   </datafield>
   <datafield tag="653" ind2=" " ind1=" ">
      <subfield code="a">PSIQUIATRÍA Y PSICOLOGÍA::conducta y mecanismos de la conducta::emociones</subfield>
   </datafield>
   <datafield tag="653" ind2=" " ind1=" ">
      <subfield code="a">TÉCNICAS Y EQUIPOS ANALÍTICOS, DIAGNÓSTICOS Y TERAPÉUTICOS::técnicas de investigación::métodos epidemiológicos::recopilación de datos::encuestas y cuestionarios</subfield>
   </datafield>
   <datafield ind2="0" ind1="0" tag="245">
      <subfield code="a">Assessment of the sentiments expressed by traumatic brain injury patients and caregivers: A qualitative study based on in-depth interviews</subfield>
   </datafield>
</record></metadata></record></GetRecord></OAI-PMH>